[Event "IND-ch Challengers (Women) 43rd"]
[Site "Chennai"]
[Date "2016.06.22"]
[Round "8"]
[White "Meenakshi, Mehra"]
[Black "Naroji, Sanskriti"]
[Result "0-1"]
[WhiteElo "1133"]
[BlackElo "1138"]
[PlyCount "136"]
[EventDate "2016.06.17"]
[EventType "swiss"]
[EventRounds "11"]
[EventCountry "IND"]
[SourceTitle "CBM 173 Extra"]
[Source "ChessBase"]
[SourceDate "2016.08.29"]
[SourceVersion "1"]
[SourceVersionDate "2016.08.29"]
[SourceQuality "1"]

1. e4 c6 2. d4 d5 3. exd5 cxd5 4. Bd3 Nc6 5. c3 Nf6 6. Bf4 Bg4 7. f3 Bh5 8. Ne2 e6 9. Nd2 Bd6 10. 0-0 Qc7 11. Bxd6 Qxd6 12. Re1 Bg6 13. Nb3 Bxd3 14. Qxd3 0-0 15. Ng3 Rac8 16. Rac1 Qc7 17. a3 Qb6 18. c4 Qa6 19. Qc3 dxc4 20. Qxc4 Qxc4 21. Rxc4 Rcd8 22. Ne4 Nd5 23. Rc2 Rfe8 24. Nec5 Re7 25. Rd2 b6 26. Ne4 Red7 27. Kf2 Nde7 28. Red1 a5 29. a4 h6 30. Nc3 Kf8 31. Nb5 Ke8 32. Ke3 Nd5+ 33. Kf2 Ndb4 34. Kg3 Ne7 35. Kf4 Rc8 36. Ke5 Ng6+ 37. Ke4 f5+ 38. Ke3 Ke7 39. Rc1 Nd5+ 40. Kf2 Rxc1 41. Nxc1 Nc7 42. Nxc7 Rxc7 43. Nb3 Rc4 44. d5 exd5 45. Rxd5 Rxa4 46. Rb5 Rb4 47. Rxb4 axb4 48. Nd4 Ne5 49. Ke3 Nc4+ 50. Ke2 Nxb2 51. Nc6+ Kd6 52. Nxb4 Kc5 53. Nc2 b5 54. Ke3 Nc4+ 55. Kf4 g6 56. g4 fxg4 57. Kxg4 b4 58. Nxb4 Kxb4 59. f4 Nd6 60. h4 Ne4 61. h5 Nf6+ 62. Kh4 Nxh5 63. Kg4 Nxf4 64. Kxf4 Kc4 65. Kg4 Kd4 66. Kf4 Kd5 67. Kf3 Ke5 68. Ke3 g5 0-1